• 首页
  • 本馆介绍
  • 公告通知
  • 最新文献
  • 馆藏检索
  • 电子资源
  • 读者导购
  • 参考咨询
  • 我的图书馆
  • 登录
  • 详细信息显示
  • 放入我的书架
  • 预约/预借图书
  • 作者相关作品
  • 分类相关作品
  • 丛书相关作品
  • 出版社相关作品

书目信息

  • 表格格式
  • 工作单格式
  • 卡片格式
书名: Art across time
作者: Laurie Schneider Adams.
分册号:
分册名: THE FOURTEENTH CENTURY TO THE PRESENT /
出版地: Boston :
 
出版社: McGraw-Hill
出版时间: c2002.
页数: 1023, [54] p. :
开本: 28 cm. +
丛书名:
中图分类号:
科图分类号:
其他分类号: J110.9
主题词:
电子资源: http://www.loc.gov/catdir/description/mh021/2001092453.html      http://www.loc.gov/catdir/toc/mh021/2001092453.html     
000 01601cam a22003614a 450
001 E0739634766
005 20070711082424.56
008 010615s2002 mauab b 001 0 eng
010    @a2001092453
020    @a0-07-244996-9.
020    @a0072466782.
020    @a0072449977 (trade ed.).
040    @aDLC@cDLC@dDLC
042    @apcc
050 00 @aN5300@b.A3 2002
082 00 @a709 @2 21
090    @aJ110.9
099    @dJ110.9@ex11:2=2
100 1  @aAdams, Laurie.
245 10 @aArt across time.@nvolume Ⅱ,@pTHE FOURTEENTH CENTURY TO THE PRESENT / @cLaurie Schneider Adams.
250    @a2nd ed.
260    @aBoston :@bMcGraw-Hill,@cc2002.
260    @aBerkeley :@bBerkeley.
300    @a1023, [54] p. :@bill. (some col.), col. maps ;@c28 cm. +@e1 computer optical disc (4 3/4 in.).
500    @aTrade ed. issued without computer optical disc.
500    @aComputer optical disc in pocket of back cover titled: Volumes I, II, & Combined.
504    @aIncludes bibliographical references (p. [1031-1044]) and indexes.
650  0 @aArt@xHistory.
856 2  @3 Publisher description@uhttp://www.loc.gov/catdir/description/mh021/2001092453.html
856 1  @3 Table of contents@uhttp://www.loc.gov/catdir/toc/mh021/2001092453.html
906    @a7@bcbc@corignew@d2@eepcn@f20@gy-gencatlg
925 0  @aacquire@b1 shelf copy@xpolicy default
955    @apc20 06-15-01@apb11 2001-08-17 to ASCD@ajh00 2001-08-21;@cjh32 2001-09-18 to Subj.@djh34 2001-09-26 to SL;@ejh14 2001-09-26 to Dewey@aaa11 2001-10-09@ajk77 2001-11-07 c.2 to BCCD (NB: copy 2, trade edition, lacks CD-ROM)
    
    Art across time.. volume Ⅱ,. THE FOURTEENTH CENTURY TO THE PRESENT / / Laurie Schneider Adams.-2nd ed.-Boston : : McGraw-Hill, , c2002.-Berkeley : : Berkeley.
    1023, [54] p. : : ill. (some col.), col. maps ; ; 28 cm. + + 1 computer optical disc (4 3/4 in.).
    Trade ed. issued without computer optical disc.-Computer optical disc in pocket of back cover titled: Volumes I, II, & Combined.-Includes bibliographical references (p. [1031-1044]) and indexes.
    
    ISBN 0-07-244996-9.
    
●
相关链接 在E读中查询图书 在五车中查询图书 在当当中查询图书 在豆瓣中查询图书


正题名:Art across time     索取号:J110.9/x11:2=2         预约/预借

序号 登录号 条形码 馆藏地/架位号 状态 备注
1 0002672   300026727   第二样本阅览室/ [索取号:J110.9/x11:2=2] 在馆    
2 0002673   300026736   第四借阅区/ [索取号:J110.9/x11:2=2] 在馆    
3 0002674   300026745   第四借阅区/ [索取号:J110.9/x11:2=2] 在馆    
4 12645   300126450   第四借阅区/ [索取号:J110.9/x11:2=2] 在馆    
5 12666   300126664   第四借阅区/ [索取号:J110.9/x11:2=2] 在馆    
唐山师范学院图书馆 欢迎您!
大连网信软件有限公司© 版权所有